000 00549nam a2200193Ia 4500
008 220216s9999 xx 000 0 und d
100 _aLaurie D A
245 0 _aRFLP mapping of five major genes and eight quantitative trait loci controlling flowering time in a winter x spring barley (Hordeum vulgare L.) cross
260 _bGenome
_c1995
300 _a575-585
650 _aBarley
650 _aMapping
650 _aPhotoperiod
650 _aRFLP
700 _aBezant J H
700 _aPratchett N
700 _aSnape J W
942 _cJS
999 _c67013
_d67013